[Event "Winnipeg TNT 2019.03"]
[Site "Winnipeg CAN"]
[Date "2019.03.05"]
[Round "1.3"]
[White "Gregoryanz, Philipp"]
[Black "Bince, Rolando"]
[Result "0-1"]
[WhiteElo "1528"]
[BlackElo "1889"]
[PlyCount "120"]
[EventDate "2019.03.05"]
[EventType "swiss"]
[EventRounds "4"]
[EventCountry "CAN"]

1. e4 Nf6 2. e5 Nd5 3. d4 d6 4. Nf3 Bg4 5. Bc4 e6 6. h3 Bh5 7. Bd2 Nb6 8. Bb3
Nc6 9. Be3 dxe5 10. Nc3 exd4 11. Bg5 f6 12. Bxf6 gxf6 13. Nb5 Qe7 14. Nbxd4
Nxd4 15. Qxd4 Bxf3 16. gxf3 Rd8 17. Qe3 Rd6 18. Rd1 Rxd1+ 19. Kxd1 Qd6+ 20. Kc1
Qe5 21. Qd3 Bh6+ 22. Kb1 Ke7 23. Rd1 c6 24. Qf1 Nd5 25. Qd3 Qc7 26. Qe4 Kf7 27.
c4 Nf4 28. Re1 Qe5 29. Qxe5 fxe5 30. Rxe5 Kf6 31. Re1 Rd8 32. h4 Rd2 33. Rf1 e5
34. Bc2 Ne6 35. Bxh7 Rd7 36. Bc2 Rg7 37. b4 Nd4 38. Be4 Ne2 39. Kb2 Rd7 40. Ka1
Rd2 41. Re1 Nc3 42. Bb1 Rxf2 43. Rg1 Nxb1 44. Kxb1 Rxf3 45. h5 Bg5 46. Kc2 e4
47. a4 Kf5 48. b5 c5 49. Rd1 Rf2+ 50. Kb3 Rd2 51. Rh1 Rd6 52. a5 b6 53. a6 e3
54. Kc2 e2 55. Re1 Rd2+ 56. Kc3 Ke4 57. Rg1 Rd1 58. Rxg5 e1=Q+ 59. Kb3 Qe3+ 60.
Ka2 Rd2+ 0-1

[Event "Winnipeg TNT 2019.03"]
[Site "Winnipeg CAN"]
[Date "2019.03.05"]
[Round "1.4"]
[White "Prince, Colin"]
[Black "Ott, Richard"]
[Result "1-0"]
[WhiteElo "1858"]
[BlackElo "1520"]
[PlyCount "51"]
[EventDate "2019.03.05"]
[EventType "swiss"]
[EventRounds "4"]
[EventCountry "CAN"]

1. e4 c5 2. Nf3 d6 3. d4 cxd4 4. Nxd4 Nf6 5. Nc3 g6 6. Be3 Bg7 7. Bc4 O-O 8. f3
Nc6 9. Qd2 Bd7 10. O-O-O Rc8 11. Bb3 Re8 12. g4 Ne5 13. h4 a5 14. a3 Nc4 15.
Bxc4 Rxc4 16. h5 Qb8 17. hxg6 fxg6 18. Qh2 Rxc3 19. bxc3 b5 20. Bg5 d5 21. e5
Nh5 22. gxh5 Bxe5 23. f4 Bd6 24. hxg6 Bxa3+ 25. Kd2 b4 26. Qxh7+ 1-0

[Event "Winnipeg TNT 2019.03"]
[Site "Winnipeg CAN"]
[Date "2019.03.05"]
[Round "1.5"]
[White "Piche, Zachary"]
[Black "Orogun, Ibukun"]
[Result "0-1"]
[WhiteElo "1499"]
[BlackElo "1839"]
[PlyCount "120"]
[EventDate "2019.03.05"]
[EventType "swiss"]
[EventRounds "4"]
[EventCountry "CAN"]

1. Nf3 e6 2. c4 Nf6 3. g3 c6 4. Bg2 d5 5. d4 Qa5+ 6. Bd2 Bb4 7. a3 Bxd2+ 8.
Nbxd2 dxc4 9. b4 cxb3 10. Qxb3 Nbd7 11. O-O Nb6 12. Nc4 Nxc4 13. Qxc4 Qd5 14.
Qb4 Qd8 15. Ne5 Nd5 16. Qc5 Qe7 17. Qc4 O-O 18. Rab1 Qxa3 19. Nxc6 Nb6 20. Qc5
Qxc5 21. dxc5 Na4 22. Ne7+ Kh8 23. Nxc8 Raxc8 24. Rxb7 Rxc5 25. Rxa7 Nc3 26. e3
g6 27. Bf3 Nb5 28. Ra5 Rfc8 29. Be2 Nc3 30. Ba6 Rxa5 31. Bxc8 Ra2 32. Bb7 Rb2
33. Bf3 Nb1 34. Rd1 Nd2 35. Bg2 Kg7 36. f4 Nc4 37. Rd3 Re2 38. e4 Rb2 39. Bf3
Nd2 40. Bg2 Nb3 41. Bf3 h6 42. h4 Nc5 43. Rc3 Nb3 44. Re3 Kf6 45. Re2 Rb1+ 46.
Kg2 Nd4 47. e5+ Kg7 48. Rf2 Nf5 49. Kh3 Rb3 50. g4 Ne3 51. Kg3 Nd1 52. Rd2 Ne3
53. Rf2 h5 54. g5 Nf5+ 55. Kh3 Rb4 56. Bd1 Ne3 57. Bf3 Rxf4 58. Kg3 Rb4 59. Re2
Nf5+ 60. Kf2 Rxh4 0-1

[Event "Winnipeg TNT 2019.03"]
[Site "Winnipeg CAN"]
[Date "2019.03.05"]
[Round "1.6"]
[White "Samson, Larry"]
[Black "Leaden, Bruce"]
[Result "1-0"]
[WhiteElo "1737"]
[BlackElo "1484"]
[PlyCount "61"]
[EventDate "2019.03.05"]
[EventType "swiss"]
[EventRounds "4"]
[EventCountry "CAN"]

1. e4 e6 2. d4 d5 3. Nc3 Nf6 4. exd5 exd5 5. a3 Be7 6. Nf3 O-O 7. Be2 Ne4 8.
O-O c6 9. h3 f5 10. Bf4 Nd7 11. Ne5 Nxe5 12. Bxe5 Nxc3 13. bxc3 Bd6 14. f4 Qe7
15. a4 Bd7 16. c4 Be6 17. c5 Bxe5 18. fxe5 f4 19. Bg4 g5 20. Bxe6+ Qxe6 21. Rb1
b6 22. cxb6 axb6 23. Rxb6 Rxa4 24. c3 Rfa8 25. Qh5 h6 26. h4 R4a6 27. Rxa6 Rxa6
28. hxg5 c5 29. Rxf4 cxd4 30. cxd4 Ra1+ 31. Kh2 1-0

[Event "Winnipeg TNT 2019.03"]
[Site "Winnipeg CAN"]
[Date "2019.03.05"]
[Round "1.7"]
[White "Gannon, Keith"]
[Black "Czarny, Keith"]
[Result "1/2-1/2"]
[WhiteElo "1483"]
[BlackElo "1690"]
[PlyCount "112"]
[EventDate "2019.03.05"]
[EventType "swiss"]
[EventRounds "4"]
[EventCountry "CAN"]

1. e4 Nf6 2. e5 Nd5 3. c4 Nb6 4. d4 e6 5. Nc3 Be7 6. c5 Nd5 7. Nxd5 exd5 8. Nf3
b6 9. b4 a5 10. Bd2 axb4 11. cxb6 cxb6 12. Bb5 Nc6 13. O-O O-O 14. Qc1 Bb7 15.
Re1 Rc8 16. Qb2 Rc7 17. Bxc6 Rxc6 18. Bxb4 Bxb4 19. Qxb4 Qc7 20. Qb3 Rc4 21.
Rab1 Ra8 22. Qxb6 Qxb6 23. Rxb6 Bc6 24. Reb1 g6 25. Rb8+ Rxb8 26. Rxb8+ Kg7 27.
Rb1 Ra4 28. Ra1 Ra3 29. h3 Bb5 30. Rb1 Bc6 31. Rb2 f6 32. exf6+ Kxf6 33. Ne5
Ra4 34. Re2 Bb5 35. Rb2 Rxd4 36. Ng4+ Ke6 37. Rxb5 Rd1+ 38. Kh2 d4 39. a4 h5
40. Ne5 d3 41. Nxd3 Rxd3 42. a5 Ra3 43. Rb6+ d6 44. a6 Ke5 45. h4 Kd5 46. g3
Kc5 47. Rb8 d5 48. Rc8+ Kb6 49. Rd8 Kc5 50. Ra8 Kb6 51. Rg8 d4 52. Rxg6+ Ka7
53. Rd6 Rf3 54. Kg2 Rf5 55. Rxd4 Kxa6 56. Rd6+ Kb5 1/2-1/2

[Event "Winnipeg TNT 2019.03"]
[Site "Winnipeg CAN"]
[Date "2019.03.05"]
[Round "1.8"]
[White "Letain, Cory"]
[Black "Trueman, Francis"]
[Result "0-1"]
[WhiteElo "1678"]
[BlackElo "1427"]
[PlyCount "102"]
[EventDate "2019.03.05"]
[EventType "swiss"]
[EventRounds "4"]
[EventCountry "CAN"]

1. e4 d6 2. Bc4 Nf6 3. Nc3 g6 4. Nf3 Bg7 5. d4 O-O 6. O-O Nbd7 7. Be3 Re8 8.
Qd2 e5 9. Bh6 exd4 10. Bxg7 Kxg7 11. Qxd4 Ne5 12. Nxe5 dxe5 13. Qe3 c6 14. Rad1
Qc7 15. f4 Ng4 16. Qg3 Qb6+ 17. Kh1 Ne3 18. Na4 Nxf1 19. Rxf1 Qd4 20. Bxf7 exf4
21. Qxf4 Rf8 22. Qc7 Qd7 23. Qe5+ Kh6 24. Qf4+ Kg7 25. Qf6+ Kh6 26. Nc5 Qd8 27.
Qe5 Rxf7 28. Re1 Qf8 29. Kg1 Qe7 30. Qc3 Qf6 31. Qe3+ Qf4 32. Qe2 Bg4 33. Qe3
Qxe3+ 34. Rxe3 Raf8 35. h3 Bc8 36. e5 Rf1+ 37. Kh2 b6 38. Nd3 Bf5 39. Nb4 c5
40. Nc6 Re8 41. Nxa7 Rf2 42. Nb5 Kg5 43. Nd6 Re7 44. e6 Kf4 45. Re1 Rxe6 46.
Rd1 Ree2 47. Nc4 Rxg2+ 48. Kh1 Bxh3 49. Rf1+ Rgf2 50. Rxf2+ Rxf2 51. Nxb6 Kg3
0-1

[Event "Winnipeg TNT 2019.03"]
[Site "Winnipeg CAN"]
[Date "2019.03.05"]
[Round "1.9"]
[White "Lotecki, Ryan"]
[Black "Melnyk, Jim"]
[Result "0-1"]
[WhiteElo "1373"]
[BlackElo "1644"]
[PlyCount "92"]
[EventDate "2019.03.05"]
[EventType "swiss"]
[EventRounds "4"]
[EventCountry "CAN"]

1. c4 b6 2. Nc3 Bb7 3. d4 e6 4. Nf3 Nf6 5. Bg5 Be7 6. e3 O-O 7. Bd3 d5 8. O-O
c5 9. Nd2 cxd4 10. Bxf6 Bxf6 11. Qh5 g6 12. Qe2 dxc3 13. bxc3 dxc4 14. Be4 Bxe4
15. Nxe4 Bg7 16. Qxc4 Qd5 17. Qxd5 exd5 18. Ng5 Bxc3 19. Rad1 Rd8 20. Rd3 Bf6
21. Nf3 Nc6 22. a3 Rd7 23. Re1 Rad8 24. g3 Ne5 25. Nxe5 Bxe5 26. Kg2 f5 27. f4
Bf6 28. a4 Kf7 29. Kf3 Rd6 30. Rdd1 Bc3 31. Re2 Bb4 32. h3 Re8 33. g4 fxg4+ 34.
hxg4 Bc5 35. Rd3 Re4 36. g5 Rxa4 37. Kg4 Re4 38. Re1 d4 39. Kf3 Rde6 40. Kf2
Rxe3 41. Rexe3 Rxe3 42. Rxe3 dxe3+ 43. Ke2 Ke6 44. Kf3 Kf5 45. Ke2 Kxf4 46. Kd3
Kf3 0-1

[Event "Winnipeg TNT 2019.03"]
[Site "Winnipeg CAN"]
[Date "2019.03.12"]
[Round "2.1"]
[White "Abioye, Yemi"]
[Black "Samson, Larry"]
[Result "1-0"]
[WhiteElo "2065"]
[BlackElo "1737"]
[PlyCount "51"]
[EventDate "2019.03.05"]
[EventType "swiss"]
[EventRounds "4"]
[EventCountry "CAN"]

1. e3 c5 2. Nf3 Nc6 3. d4 cxd4 4. exd4 Nf6 5. Bd3 e6 6. O-O Be7 7. c3 O-O 8.
Nbd2 d6 9. Ne4 Nxe4 10. Bxe4 h6 11. Bc2 e5 12. Re1 exd4 13. Nxd4 Nxd4 14. Qxd4
f5 15. Qd5+ Kh8 16. Bf4 Rf6 17. Bb3 Kh7 18. h4 Rf8 19. h5 Rb8 20. Rad1 Bd7 21.
Bxd6 Bxd6 22. Qxd6 Bc6 23. Qg6+ Kh8 24. Rxd8 Rbxd8 25. Re7 Rd7 26. Qxg7# 1-0

[Event "Winnipeg TNT 2019.03"]
[Site "Winnipeg CAN"]
[Date "2019.03.12"]
[Round "2.2"]
[White "Bince, Rolando"]
[Black "Melnyk, Jim"]
[Result "1-0"]
[WhiteElo "1889"]
[BlackElo "1644"]
[PlyCount "77"]
[EventDate "2019.03.05"]
[EventType "swiss"]
[EventRounds "4"]
[EventCountry "CAN"]

1. Nf3 d5 2. d4 Nf6 3. c4 dxc4 4. Nc3 c6 5. e4 Bg4 6. Bxc4 e6 7. Be3 Bb4 8. Bd3
O-O 9. h3 Bh5 10. g4 Bg6 11. Qc2 Nbd7 12. a3 Be7 13. g5 Ne8 14. Rg1 c5 15. d5
Nc7 16. Nh4 exd5 17. Nxg6 fxg6 18. exd5 Ne5 19. O-O-O Nf3 20. d6 Bxd6 21. Rg4
Qc8 22. Bc4+ Kh8 23. Rxd6 Ne5 24. Rh4 Ne8 25. Rd5 Nf3 26. Rg4 b6 27. Be2 Nc7
28. Rd1 Qe6 29. Bxf3 Rxf3 30. Qe4 Rxh3 31. Qxe6 Nxe6 32. Rd6 Nf8 33. Rf4 Kg8
34. Nd5 h6 35. gxh6 gxh6 36. Ne7+ Kh7 37. Rf7+ Kh8 38. Bd2 Nh7 39. Bc3+ 1-0

[Event "Winnipeg TNT 2019.03"]
[Site "Winnipeg CAN"]
[Date "2019.03.12"]
[Round "2.3"]
[White "Furda, Ievgeniia-Diana"]
[Black "Prince, Colin"]
[Result "1-0"]
[WhiteElo "1539"]
[BlackElo "1858"]
[PlyCount "92"]
[EventDate "2019.03.05"]
[EventType "swiss"]
[EventRounds "4"]
[EventCountry "CAN"]

1. e4 e5 2. Nf3 Nc6 3. d4 exd4 4. Nxd4 Nf6 5. Nc3 Bb4 6. Nxc6 bxc6 7. Bd3 d5 8.
exd5 cxd5 9. O-O O-O 10. Bg5 c6 11. a3 Be7 12. h3 h6 13. Be3 Re8 14. Bf4 Be6
15. Re1 Qd7 16. Qf3 g5 17. Be5 Qd8 18. Ba6 Nd7 19. Bb7 Nxe5 20. Rxe5 Qd6 21.
Bxa8 Qxe5 22. Bxc6 Rd8 23. Rd1 d4 24. Ne2 Bd6 25. Ng3 f5 26. Ba4 f4 27. Ne4 Kg7
28. Nxd6 Rxd6 29. Qb7+ Kg6 30. Qxa7 Bf7 31. Qb8 Qe7 32. Qb4 Qd8 33. Bb3 Bxb3
34. Qxb3 h5 35. Qd3+ Kh6 36. Rd2 g4 37. hxg4 hxg4 38. c3 Re6 39. Rd1 Qe7 40.
Qd2 Qd6 41. Qxd4 Qb8 42. b4 Kg5 43. Qg7+ Kf5 44. Rd5+ Re5 45. Rxe5+ Qxe5 46.
Qxe5+ Kxe5 1-0

[Event "Winnipeg TNT 2019.03"]
[Site "Winnipeg CAN"]
[Date "2019.03.12"]
[Round "2.4"]
[White "Orogun, Ibukun"]
[Black "Trueman, Francis"]
[Result "1-0"]
[WhiteElo "1839"]
[BlackElo "1427"]
[PlyCount "53"]
[EventDate "2019.03.05"]
[EventType "swiss"]
[EventRounds "4"]
[EventCountry "CAN"]

1. e4 d6 2. d4 Nf6 3. Bd3 g6 4. Be3 Bg7 5. f3 O-O 6. Nc3 a5 7. Qd2 Nc6 8. a3 e5
9. d5 Na7 10. Nge2 Bd7 11. Ng3 c6 12. Qf2 Qb8 13. Na4 cxd5 14. Nb6 dxe4 15.
Nxe4 Nxe4 16. Bxe4 Bc6 17. Nxa8 d5 18. Bxa7 Qxa8 19. Bd3 e4 20. Be2 exf3 21.
Bxf3 Re8+ 22. Kf1 Bb5+ 23. Kg1 Bxb2 24. Rb1 Bc3 25. Bxd5 Kh8 26. Bd4+ Bxd4 27.
Qxd4+ 1-0

[Event "Winnipeg TNT 2019.03"]
[Site "Winnipeg CAN"]
[Date "2019.03.12"]
[Round "2.5"]
[White "Baron, Gustav"]
[Black "Czypinski, Jaroslaw"]
[Result "1-0"]
[WhiteElo "2228"]
[BlackElo "1929"]
[PlyCount "73"]
[EventDate "2019.03.05"]
[EventType "swiss"]
[EventRounds "4"]
[EventCountry "CAN"]

1. d4 d5 2. c4 e6 3. g3 Nf6 4. Bg2 Be7 5. Nf3 O-O 6. O-O Nbd7 7. Qc2 Ne4 8.
Nbd2 f5 9. b3 Ndf6 10. Ne5 Nxd2 11. Bxd2 Ne4 12. Rfd1 Bd7 13. Be1 Be8 14. f3
Nf6 15. e4 fxe4 16. fxe4 Nxe4 17. Bxe4 dxe4 18. Qxe4 Bf6 19. Bb4 Be7 20. Bxe7
Qxe7 21. Qxb7 Bh5 22. Rf1 Rxf1+ 23. Rxf1 Rf8 24. Rxf8+ Qxf8 25. Qxc7 Be2 26.
Nf7 Bd3 27. Qxa7 Qxf7 28. Qa8+ Qf8 29. Qxf8+ Kxf8 30. Kf2 Ke7 31. Ke3 Bb1 32.
Kd2 Kd6 33. a4 e5 34. d5 Ba2 35. Kc3 e4 36. a5 e3 37. a6 1-0

[Event "Winnipeg TNT 2019.03"]
[Site "Winnipeg CAN"]
[Date "2019.03.12"]
[Round "2.6"]
[White "Wolchock, Theo"]
[Black "Gannon, Keith"]
[Result "1-0"]
[WhiteElo "2190"]
[BlackElo "1483"]
[PlyCount "131"]
[EventDate "2019.03.05"]
[EventType "swiss"]
[EventRounds "4"]
[EventCountry "CAN"]

1. e4 c5 2. Nf3 Nc6 3. d4 cxd4 4. Nxd4 Nxd4 5. Qxd4 d6 6. c4 Nf6 7. Nc3 e5 8.
Qd3 Be6 9. f3 Be7 10. Be3 O-O 11. Be2 Nd7 12. O-O Nc5 13. Qd2 a5 14. b3 b6 15.
Rfd1 Rb8 16. Rac1 Re8 17. Nb5 Nb7 18. a3 h6 19. b4 axb4 20. axb4 Bf8 21. Bf1
Be7 22. Qf2 Bg5 23. Bxb6 Qe7 24. Be3 Bxe3 25. Qxe3 Rec8 26. Rd2 Rc6 27. Na7 Rc7
28. Nb5 Rc6 29. Ra2 Qg5 30. Qxg5 hxg5 31. Rac2 g4 32. Kf2 gxf3 33. gxf3 g6 34.
c5 dxc5 35. bxc5 f5 36. Na7 Rxc5 37. Rxc5 Nxc5 38. Rxc5 fxe4 39. fxe4 Rb2+ 40.
Kg3 Rb3+ 41. Kf2 Rb2+ 42. Ke3 Rxh2 43. Rxe5 Kf7 44. Nc6 Bh3 45. Bc4+ Kf6 46.
Ra5 Rh1 47. e5+ Kg7 48. Ra7+ Kh6 49. Nd4 Re1+ 50. Be2 Bg4 51. Kf2 Rxe2+ 52.
Nxe2 Bxe2 53. Kxe2 g5 54. Ra1 Kg6 55. Rf1 g4 56. Rf6+ Kg5 57. Kf2 Kh4 58. Rh6+
Kg5 59. Rf6 Kh4 60. Kg2 Kg5 61. Kg3 Kh5 62. Ra6 Kg5 63. Rf6 Kh5 64. e6 Kg5 65.
Rf5+ Kxf5 66. e7 1-0

[Event "Winnipeg TNT 2019.03"]
[Site "Winnipeg CAN"]
[Date "2019.03.12"]
[Round "2.7"]
[White "Ott, Richard"]
[Black "Proulx, Roy"]
[Result "0-1"]
[WhiteElo "1520"]
[BlackElo "1894"]
[PlyCount "90"]
[EventDate "2019.03.05"]
[EventType "swiss"]
[EventRounds "4"]
[EventCountry "CAN"]

1. d4 d5 2. c4 e6 3. Nc3 Nf6 4. cxd5 exd5 5. Bg5 c6 6. e3 Be7 7. Bd3 O-O 8. Qc2
h6 9. Bxf6 Bxf6 10. Nge2 Re8 11. O-O Nd7 12. Rac1 Nf8 13. b4 b5 14. Nf4 Qd6 15.
a3 Bxd4 16. Nce2 Be5 17. Qxc6 Qxc6 18. Rxc6 Bd7 19. Rc5 Bb2 20. Nxd5 Ne6 21.
Rc2 Bxa3 22. Ra1 Bxb4 23. Nxb4 a5 24. Nd5 Reb8 25. Be4 Ra7 26. Ne7+ Kf8 27. Nc6
Bxc6 28. Bxc6 b4 29. Rca2 b3 30. Rb2 Rb6 31. Ba4 Nc5 32. Bxb3 a4 33. Nc3 Rxb3
34. Rxb3 Nxb3 35. Ra3 Rc7 36. g3 Rxc3 37. Rxa4 f5 38. Ra7 g5 39. h3 Nd2 40. Kg2
Ne4 41. Kf3 Rc2 42. Ra8+ Kf7 43. Ra7+ Ke8 44. Ra8+ Kd7 45. Ra7+ Kc8 0-1

[Event "Winnipeg TNT 2019.03"]
[Site "Winnipeg CAN"]
[Date "2019.03.12"]
[Round "2.8"]
[White "Piche, Zachary"]
[Black "Letain, Cory"]
[Result "1-0"]
[WhiteElo "1499"]
[BlackElo "1678"]
[PlyCount "51"]
[EventDate "2019.03.05"]
[EventType "swiss"]
[EventRounds "4"]
[EventCountry "CAN"]

1. Nf3 Nf6 2. c4 c5 3. g3 g6 4. Bg2 Bg7 5. Nc3 Nc6 6. O-O O-O 7. d3 d6 8. a3 h6
9. Bd2 e5 10. Qc2 Be6 11. Rfb1 Qd7 12. b4 b6 13. b5 Nd4 14. Nxd4 cxd4 15. Bxa8
Rxa8 16. Na2 Bh3 17. f3 Nh5 18. Be1 f5 19. Kh1 e4 20. Nb4 exf3 21. exf3 Qe6 22.
Nd5 Rc8 23. Qd2 g5 24. Bf2 Nf6 25. Re1 Qf7 26. Ne7+ 1-0

[Event "Winnipeg TNT 2019.03"]
[Site "Winnipeg CAN"]
[Date "2019.03.12"]
[Round "2.9"]
[White "Leaden, Bruce"]
[Black "Crawford, Gary"]
[Result "0-1"]
[WhiteElo "1484"]
[BlackElo "1561"]
[PlyCount "64"]
[EventDate "2019.03.05"]
[EventType "swiss"]
[EventRounds "4"]
[EventCountry "CAN"]

1. e4 c5 2. Nc3 Nc6 3. f4 e6 4. Nf3 d5 5. exd5 exd5 6. Bb5 a6 7. Bxc6+ bxc6 8.
O-O Nf6 9. Ne5 Qc7 10. Re1 Be6 11. d4 Be7 12. Be3 cxd4 13. Qxd4 c5 14. Qa4+ Nd7
15. Bf2 d4 16. Ne4 O-O 17. Nc6 Bd6 18. Nxd6 Qxd6 19. Ne5 Nxe5 20. fxe5 Qd5 21.
b3 Bd7 22. Qc4 Qxc4 23. bxc4 Be6 24. c3 d3 25. Bxc5 Rfd8 26. Bd4 Bxc4 27. a3
Rab8 28. Rab1 Rb3 29. Ra1 Rdb8 30. Ra2 Rb1 31. Ra1 R1b2 32. Bc5 d2 0-1

[Event "Winnipeg TNT 2019.03"]
[Site "Winnipeg CAN"]
[Date "2019.03.12"]
[Round "2.10"]
[White "Lotecki, Ryan"]
[Black "Gregoryanz, Philipp"]
[Result "0-1"]
[WhiteElo "1373"]
[BlackElo "1528"]
[PlyCount "33"]
[EventDate "2019.03.05"]
[EventType "swiss"]
[EventRounds "4"]
[EventCountry "CAN"]

1. Nf3 d5 2. d4 Nc6 3. e3 Nf6 4. c4 e6 5. Nc3 Bb4 6. Bd2 O-O 7. c5 Re8 8. a3
Bxc3 9. Bxc3 Ne4 10. Qc2 Nxc3 11. bxc3 e5 12. e4 dxe4 13. Qxe4 exd4 14. Qxe8+
Qxe8+ 15. Be2 d3 16. Ng1 dxe2 17. Nxe2 0-1

[Event "Winnipeg TNT 2019.03"]
[Site "Winnipeg CAN"]
[Date "2019.03.19"]
[Round "3.2"]
[White "Furda, Ievgeniia-Diana"]
[Black "Baron, Gustav"]
[Result "0-1"]
[WhiteElo "1539"]
[BlackElo "2228"]
[PlyCount "150"]
[EventDate "2019.03.05"]
[EventType "swiss"]
[EventRounds "4"]
[EventCountry "CAN"]

1. e4 c6 2. d4 d5 3. Nc3 b5 4. a3 dxe4 5. Nxe4 Bf5 6. Ng3 Bg6 7. h4 h6 8. Nf3
e6 9. Bd3 Bxd3 10. Qxd3 Nd7 11. Be3 Ngf6 12. O-O Qc7 13. Rad1 Bd6 14. Ne4 Nxe4
15. Qxe4 Nf6 16. Qd3 O-O 17. Rc1 Ng4 18. Bd2 Bh2+ 19. Kh1 Bf4 20. g3 Bxg3 21.
fxg3 Qxg3 22. Qe2 Rad8 23. Qg2 Qxg2+ 24. Kxg2 Rd5 25. Kh3 h5 26. Bc3 Ne3 27.
Rg1 Nf5 28. Ne5 Rc8 29. Rg2 g6 30. Rd2 a6 31. Nf3 Rcd8 32. Re1 Kg7 33. Re5 Nd6
34. Rxd5 cxd5 35. Ng5 Rc8 36. Rf2 Nf5 37. Re2 Rc6 38. Re1 Rc4 39. Nf3 Nd6 40.
Ne5 Rc7 41. Re3 f6 42. Nd3 Ne4 43. Nc5 Nxc5 44. dxc5 Kf7 45. Rf3 f5 46. b4 Rc6
47. Kg3 a5 48. bxa5 Rxc5 49. a6 Rc6 50. a7 Ra6 51. Bd4 Ke7 52. Kf4 Kd6 53. Be5+
Kc6 54. Bb8 Kb7 55. Rb3 Ra4+ 56. Rb4 Rxa3 57. Rxb5+ Ka8 58. Rb3 Ra4+ 59. Kg3
Rc4 60. Re3 Rc6 61. c3 Ra6 62. Kh2 Rc6 63. Kg3 Rc4 64. Kh3 f4 65. Rf3 Re4 66.
Bxf4 Kxa7 67. Be3+ Ka6 68. Bd4 e5 69. Bc5 Kb5 70. Bb4 Kc4 71. Rg3 d4 72. Kh2
Rxh4+ 73. Kg2 Rg4 74. Rxg4 hxg4 75. Kg3 d3 0-1

[Event "Winnipeg TNT 2019.03"]
[Site "Winnipeg CAN"]
[Date "2019.03.19"]
[Round "3.3"]
[White "Proulx, Roy"]
[Black "Wolchock, Theo"]
[Result "0-1"]
[WhiteElo "1894"]
[BlackElo "2190"]
[PlyCount "116"]
[EventDate "2019.03.05"]
[EventType "swiss"]
[EventRounds "4"]
[EventCountry "CAN"]

1. e4 c5 2. Nf3 g6 3. d4 cxd4 4. Nxd4 Nc6 5. Nc3 Bg7 6. Be3 Nf6 7. f3 O-O 8.
Qd2 d5 9. exd5 Nxd5 10. Nxc6 bxc6 11. Nxd5 cxd5 12. c3 Qa5 13. Be2 Rd8 14. b4
Qc7 15. Rc1 e5 16. O-O Be6 17. Bc5 Qd7 18. Rfd1 Rac8 19. Qc2 Rxc5 20. bxc5 Qc7
21. Qa4 Qxc5+ 22. Kh1 Rc8 23. c4 dxc4 24. h3 c3 25. Bd3 Bh6 26. Rc2 Qb6 27. Qh4
Bd2 28. Qe7 Qd8 29. Qxd8+ Rxd8 30. Bb5 Rb8 31. a4 Kf8 32. Rcxd2 cxd2 33. Rxd2
Rc8 34. Re2 Rc5 35. Kh2 Ke7 36. Kg3 g5 37. h4 h6 38. hxg5 hxg5 39. Kf2 f6 40.
g4 Rc3 41. Re3 Rc2+ 42. Re2 Rc1 43. Re1 Rxe1 44. Kxe1 Bd7 45. Kd2 Bxb5 46. axb5
Kd6 47. Kd3 Kc5 48. Ke4 Kxb5 49. Kf5 a5 50. Kxf6 a4 51. Kxg5 a3 52. Kf5 a2 53.
Kxe5 a1=Q+ 54. Kf5 Qg7 55. g5 Kc5 56. f4 Kd5 57. Kg4 Ke4 58. f5 Qd7 0-1

[Event "Winnipeg TNT 2019.03"]
[Site "Winnipeg CAN"]
[Date "2019.03.19"]
[Round "3.4"]
[White "Prince, Colin"]
[Black "Crawford, Gary"]
[Result "1-0"]
[WhiteElo "1858"]
[BlackElo "1561"]
[PlyCount "43"]
[EventDate "2019.03.05"]
[EventType "swiss"]
[EventRounds "4"]
[EventCountry "CAN"]

1. e4 e5 2. Nf3 Nc6 3. Bc4 Nf6 4. d4 exd4 5. O-O Be7 6. e5 Ng4 7. Bf4 d6 8.
exd6 cxd6 9. Nxd4 O-O 10. Nc3 Nge5 11. Bb3 Na5 12. Bd5 Nac4 13. Qe2 Nb6 14. Bb3
Bf6 15. Ne4 Re8 16. Rfe1 Bg4 17. f3 Nxf3+ 18. Nxf3 Bxb2 19. Bxf7+ Kxf7 20.
Nfg5+ Qxg5 21. Nxg5+ Kg6 22. Qxg4 1-0

[Event "Winnipeg TNT 2019.03"]
[Site "Winnipeg CAN"]
[Date "2019.03.19"]
[Round "3.5"]
[White "Samson, Larry"]
[Black "Gregoryanz, Philipp"]
[Result "1-0"]
[WhiteElo "1737"]
[BlackElo "1528"]
[PlyCount "67"]
[EventDate "2019.03.05"]
[EventType "swiss"]
[EventRounds "4"]
[EventCountry "CAN"]

1. e4 e5 2. Nf3 Nc6 3. Bb5 Nd4 4. Nxd4 exd4 5. O-O Bc5 6. d3 Ne7 7. a3 O-O 8.
Nd2 c6 9. Bc4 d5 10. exd5 Nxd5 11. Nf3 Bg4 12. h3 Bh5 13. g4 Bg6 14. Ne5 Qd6
15. Bxd5 Qxe5 16. Bg2 f5 17. f4 Qe8 18. g5 Bh5 19. Bf3 Bxf3 20. Qxf3 Qg6 21. h4
Qd6 22. h5 Rae8 23. Bd2 b5 24. Rfe1 Bb6 25. Rxe8 Rxe8 26. Re1 Rxe1+ 27. Bxe1 c5
28. Bd2 c4 29. Qa8+ Kf7 30. Qb7+ Kg8 31. Bb4 Bc5 32. Qc8+ Kf7 33. Qxc5 Qxf4 34.
Qe7+ 1-0

[Event "Winnipeg TNT 2019.03"]
[Site "Winnipeg CAN"]
[Date "2019.03.19"]
[Round "3.6"]
[White "Trueman, Francis"]
[Black "Czarny, Keith"]
[Result "0-1"]
[WhiteElo "1427"]
[BlackElo "1690"]
[PlyCount "58"]
[EventDate "2019.03.05"]
[EventType "swiss"]
[EventRounds "4"]
[EventCountry "CAN"]

1. e4 c6 2. Nf3 d5 3. e5 Bf5 4. d3 e6 5. g3 Nd7 6. d4 Rc8 7. Bg2 c5 8. h4 Bg4
9. Nc3 cxd4 10. Qxd4 Rc4 11. Qd1 Nxe5 12. Bf4 Bxf3 13. Bxf3 Nxf3+ 14. Qxf3 Nf6
15. b3 Rc6 16. O-O Bb4 17. Be5 O-O 18. a3 Bxc3 19. Bxc3 Ne4 20. Bb4 Re8 21. c4
Nf6 22. Rad1 Qc8 23. Bc3 Ne4 24. Bd4 f6 25. Qg4 e5 26. cxd5 Qxg4 27. dxc6 bxc6
28. Bxa7 Qf3 29. Be3 Nxg3 0-1

[Event "Winnipeg TNT 2019.03"]
[Site "Winnipeg CAN"]
[Date "2019.03.19"]
[Round "3.7"]
[White "Melnyk, Jim"]
[Black "Piche, Zachary"]
[Result "1-0"]
[WhiteElo "1644"]
[BlackElo "1499"]
[PlyCount "95"]
[EventDate "2019.03.05"]
[EventType "swiss"]
[EventRounds "4"]
[EventCountry "CAN"]

1. e4 c5 2. Nf3 d6 3. Bd3 Nf6 4. c3 a6 5. Bc2 Nbd7 6. O-O b5 7. d4 cxd4 8. cxd4
Bb7 9. Re1 e6 10. a3 Be7 11. Nc3 Nb6 12. Nd2 O-O 13. b3 Rc8 14. Bb2 Qc7 15. Rc1
Qd7 16. Bb1 d5 17. e5 Ne8 18. Re2 b4 19. axb4 Bxb4 20. Na2 Be7 21. Nf1 Nc7 22.
Rec2 Nb5 23. Ng3 Rc6 24. Rxc6 Bxc6 25. Nh5 g6 26. Nf6+ Bxf6 27. exf6 Qd8 28.
Rxc6 Nd7 29. Rxa6 Nxf6 30. Bd3 Nc7 31. Ra4 Qb8 32. Ba3 Rc8 33. Bc5 Ne4 34. Bxe4
dxe4 35. b4 Nd5 36. Qe1 Qb5 37. Ra5 Qd3 38. Nc1 Qc3 39. Qxc3 Nxc3 40. Kf1 Kg7
41. Ke1 f5 42. Kd2 Nd5 43. Nb3 Kf6 44. b5 e5 45. b6 exd4 46. Nxd4 Rb8 47. Rb5
Ke5 48. Nc6+ 1-0

[Event "Winnipeg TNT 2019.03"]
[Site "Winnipeg CAN"]
[Date "2019.03.19"]
[Round "3.8"]
[White "Czypinski, Jaroslaw"]
[Black "Gannon, Keith"]
[Result "1-0"]
[WhiteElo "1929"]
[BlackElo "1483"]
[PlyCount "79"]
[EventDate "2019.03.05"]
[EventType "swiss"]
[EventRounds "4"]
[EventCountry "CAN"]

1. e4 e5 2. Bc4 Nf6 3. d4 d5 4. exd5 Nxd5 5. dxe5 c6 6. Nc3 Bb4 7. Bd2 O-O 8.
Nxd5 Bxd2+ 9. Qxd2 cxd5 10. Bxd5 Nd7 11. Rd1 Nxe5 12. Nf3 Nxf3+ 13. Bxf3 Re8+
14. Be2 Qxd2+ 15. Kxd2 Bf5 16. Bf3 Rad8+ 17. Kc1 b6 18. Rxd8 Rxd8 19. Re1 Kf8
20. Re5 Be6 21. b3 h6 22. Re3 Rd6 23. Be4 Bg4 24. f3 Bd7 25. c4 a5 26. Kc2 f5
27. Bd5 f4 28. Re2 g5 29. Kd3 Bf5+ 30. Kd4 Bd7 31. a3 Be8 32. b4 axb4 33. axb4
Bh5 34. c5 bxc5+ 35. Kxc5 Rf6 36. b5 g4 37. b6 gxf3 38. gxf3 Bf7 39. b7 Bxd5
40. b8=Q+ 1-0